Socio-Cultural diversities and globalization: (Record no. 38516)

MARC details
000 -LEADER
fixed length control field 00970nam a22002537a 4500
008 - FIXED-LENGTH DATA ELEMENTS--GENERAL INFORMATION
fixed length control field 081212t xxu||||| |||| 00| 0beng d
010 ## - LCCN (DPL NO)
LC control number ENG-97586
020 ## - INTERNATIONAL STANDARD BOOK NUMBER
Terms of availability 595.00
International Standard Book Number 9788179860786
020 ## - INTERNATIONAL STANDARD BOOK NUMBER
Terms of availability 595.00
International Standard Book Number 8179860787
035 ## - SYSTEM CONTROL NUMBER
System control number EN-81119
037 ## - SOURCE OF ACQUISITION
Source of stock number/acquisition DBAD / PUB
040 ## - CATALOGING SOURCE
Original cataloging agency dpl
Language of cataloging English
082 ## - DEWEY DECIMAL CLASSIFICATION NUMBER
Classification number 303.4820954
100 ## - MAIN ENTRY--PERSONAL NAME
9 (RLIN) 3724
245 ## - TITLE STATEMENT
Title Socio-Cultural diversities and globalization:
Statement of responsibility, etc edited by S.R. Mehta
Remainder of title issues and perspectives /
260 ## - PUBLICATION, DISTRIBUTION, ETC. (IMPRINT)
Place of publication, distribution, etc Shimala
Name of publisher, distributor, etc Indian Institute of Advanced Stuay
Date of publication, distribution, etc 2010
270 ## - ADDRESS
Address Rashtrapati Nivas,
City Shimla
Postal code 171005
300 ## - PHYSICAL DESCRIPTION
Extent 364p.
Dimensions 23cm (Hb)
500 ## - GENERAL NOTE
General note Includes bibliographical references and index
600 ## - SUBJECT ADDED ENTRY--PERSONAL NAME
Personal name Baba Visakha Singh
General subdivision Biography.
9 (RLIN) 3725
700 ## - ADDED ENTRY--PERSONAL NAME
Personal name Mehta, S.R.
9 (RLIN) 3799
942 ## - ADDED ENTRY ELEMENTS (KOHA)
Source of classification or shelving scheme Dewey Decimal Classification
Item type English Books
Call number suffix SOC
Classification part 303.4820954
Holdings
Withdrawn status Lost status Source of classification or shelving scheme Damaged status Not for loan Collection code Home library Current library Date acquired Source of acquisition Cost, normal purchase price Total Checkouts Full call number Barcode Date last seen Copy number Cost, replacement price Koha item type
    Dewey Decimal Classification   Not For Loan Non-fiction D.B.Act.Division D.B.Act.Division 02/08/2010 DBAD/PUB 595.00   303.4820954 SOC EN-81119 02/08/2010 1 595.00 English Books

© Delhi Public Library
Hit Counter
free hit counter